| 000 | 00567nam a2200217 a 4500 | ||
|---|---|---|---|
| 001 | 72978 | ||
| 003 | BD-RjUL | ||
| 005 | 20211209082332.0 | ||
| 008 | 170525s1965 ii ||||| |||| 00| 0 eng d | ||
| 035 | _a(BD-RjUL)73196 | ||
| 040 |
_aBD-RjUL _beng _cBD-RjUL |
||
| 041 | _aeng | ||
| 082 |
_223 _a615.11 _bLMC 1965 |
||
| 245 | 0 | 0 | _aL. M. C. H. pharmacopoeia / |
| 250 | _a1st ed. | ||
| 260 |
_aHyderabad : _bUniversal book depot, _c1965. |
||
| 300 |
_a76 p. ; _c14 cm. |
||
| 650 |
_aPharmacopoeias. _9215842 |
||
| 710 |
_aSenior Consultants. _9215843 |
||
| 942 |
_2ddc _cBK |
||
| 999 |
_c72978 _d72978 |
||